Normal view
MARC view
Entry Personal Name
001 - CONTROL NUMBER
- control field: 23107
003 - CONTROL NUMBER IDENTIFIER
- control field: ARRUPE
005 - DATE AND TIME OF LATEST TRANSACTION
- control field: 20160322092131.0
008 - FIXED-LENGTH DATA ELEMENTS
- fixed length control field: 160322|| aca||aabn | a|a d
040 ## - CATALOGING SOURCE
- Original cataloging agency: ARRUPE
- Transcribing agency: ARRUPE
100 ## - HEADING--PERSONAL NAME
- Personal name: Zulu, L.
- Fuller form of name: (Leonard)
670 ## - SOURCE DATA FOUND
- Source citation: Work cat.: (ARRUPE)0: Matsheza, Philliat. 23105, Human rights monitoring and enforcement mechanisms :, 2006.